Die rooi koord / (Record no. 684426)

MARC details
000 -LEADER
fixed length control field 00729nam a2200241Ia 4500
003 - CONTROL NUMBER IDENTIFIER
control field 3228
005 - DATE AND TIME OF LATEST TRANSACTION
control field 20250808111625.0
008 - FIXED-LENGTH DATA ELEMENTS--GENERAL INFORMATION
fixed length control field 220713s9999 xx 000 1 Afr d
020 ## - INTERNATIONAL STANDARD BOOK NUMBER
International Standard Book Number <a href="9781431604784">9781431604784</a>
Qualifying information (pbk)
040 ## - CATALOGING SOURCE
Original cataloging agency RDA
Transcribing agency 2000
041 ## - LANGUAGE CODE
Language Afrikaans
082 ## - DEWEY DECIMAL CLASSIFICATION NUMBER
Classification number AF RIVE
942 ## - ADDED ENTRY ELEMENTS
Modifier ID 296
Modifier Name Phillipina Naude
100 ## - MAIN ENTRY--PERSONAL NAME
Personal name Rivers, Francine
245 #0 - TITLE STATEMENT
Title Die rooi koord /
Statement of responsibility, etc. Francine Rivers ; vertaal deur Gerda-Mari Zietsman
260 ## - PUBLICATION, DISTRIBUTION, ETC.
Place of publication, distribution, etc. Vereeniging ;
Name of publisher, distributor, etc. Christelike Uitgewersmaatskappy,
Date of publication, distribution, etc. 2014.
300 ## - PHYSICAL DESCRIPTION
Extent 432 pages
Dimensions 22 cm.
655 #0 - INDEX TERM--GENRE/FORM
9 (RLIN) 188069
Genre/form data or focus term Religious Fiction
655 #0 - INDEX TERM--GENRE/FORM
9 (RLIN) 189056
Genre/form data or focus term Afrikaans Fiction
655 #0 - INDEX TERM--GENRE/FORM
9 (RLIN) 188670
Genre/form data or focus term Human Relations Fiction
700 ## - ADDED ENTRY--PERSONAL NAME
9 (RLIN) 196187
Personal name Zietsman, Gerda-Mari
Relator term Translator
942 ## - ADDED ENTRY ELEMENTS
item type Books
Source of classification or shelving scheme Dewey Decimal Classification
Holdings
Withdrawn status Lost status Damaged status Not for loan Home library Current library Date acquired Cost, normal purchase price Total Checkouts Barcode Date last seen Price effective from item type Public note Source of classification or shelving scheme Collection code Shelving location Full call number Date last checked out
        Middelburg Regional Library Barberton 14.06.2023   1 33228031042631 26.09.2023 14.06.2023 Book   Dewey Decimal Classification Fiction Fiction AF RIVE 02.09.2023
        Gerard Sekoto PL(MMID-PLST-GERA) Gerard Sekoto PL(MMID-PLST-GERA) 13.07.2022 89.00   3390900089609 13.07.2022 13.07.2022 Books 278/14          
        Klipfontein PL (MMID-PLEM-KLIP) Klipfontein PL (MMID-PLEM-KLIP) 08.08.2025     138644 08.08.2025 08.08.2025 Books D118900 Dewey Decimal Classification Fiction Fiction AF RIVE  
        Rietkuil PL (MMID-PLST-RIET) Rietkuil PL (MMID-PLST-RIET) 24.06.2022 60.00   33809000354766 24.06.2022 24.06.2022 Books AR05/2019